| 000 | 00682nam a22002177a 4500 | ||
|---|---|---|---|
| 003 | OSt | ||
| 005 | 20130502165025.0 | ||
| 008 | 130502s2011 sp ||||| |||| 00| 0 cat d | ||
| 020 | _a9788493503567 | ||
| 040 | _cCDMR | ||
| 100 | 1 |
_93304 _aTeixidor i Colomer, Anna |
|
| 245 | 1 | 0 |
_aAmb la República al cap i Catalunya al cor _b: Empordà federal 1911-1938 _cAnna Teixidor i Colomer |
| 260 |
_a[Figueres] _bAjuntament de Figueres |
||
| 260 |
_bDiputació de Girona _c2011 |
||
| 300 | _a302 p. | ||
| 490 |
_aJuncària _v7 |
||
| 650 | 0 | 4 |
_93194 _aNacionalisme _zCatalunya _xHistòria |
| 650 | 0 | 4 |
_92769 _aRevistes _zCatalunya _y1911-1939 |
| 650 | 0 | 4 |
_93305 _aRepublicanisme |
| 942 |
_2udc _cMON |
||
| 999 |
_c6166 _d6166 |
||